Countries that Signed in Support of LGBT Rights at the U.N. - Statistics

General Stats
  • This quiz has been taken 415 times
  • The average score is 74 of 96
Answer Stats
Hint Answer % Correct
Europe United Kingdom
98%
Americas (Initiative) United States
97%
Americas Canada
95%
Oceania Australia
94%
Americas Mexico
94%
Americas Brazil
93%
Europe Sweden
93%
Asia Japan
92%
Europe Norway
92%
Europe Spain
92%
Europe Finland
91%
Europe Germany
90%
Oceania New Zealand
90%
Europe Belgium
89%
Europe Denmark
89%
Europe (Initiative) France
89%
Europe Ireland
89%
Europe Italy
89%
Europe Poland
89%
Europe Portugal
89%
Africa (Initiative) South Africa
89%
Europe Austria
88%
Europe (Initiative) Netherlands
88%
Americas Argentina
87%
Europe Albania
86%
Europe Andorra
86%
Americas Chile
86%
Europe Greece
86%
Europe Iceland
86%
Asia South Korea
86%
Europe Estonia
85%
Europe Lithuania
85%
Americas (Initiative) Colombia
84%
Europe Latvia
84%
Europe Liechtenstein
84%
Europe Luxembourg
84%
Europe Switzerland
84%
Europe Ukraine
84%
Europe Bosnia and Herzegovina
83%
Europe Bulgaria
83%
Europe Croatia
83%
Americas Cuba
83%
Europe Hungary
83%
Americas Peru
83%
Europe Romania
83%
Europe Serbia
81%
Americas Costa Rica
80%
Asia Israel
80%
Europe San Marino
80%
Europe Slovakia
80%
Americas Uruguay
80%
Americas Venezuela
80%
Europe Czechia
79%
Americas Panama
79%
Americas Paraguay
79%
Europe (Initiative) Slovenia
79%
Americas Bolivia
78%
Europe Malta
78%
Europe Monaco
78%
Europe/Asia Armenia
77%
Americas Ecuador
76%
Asia Thailand
76%
Asia Vietnam
76%
Americas Honduras
75%
Europe/Asia Cyprus
74%
Europe/Asia Georgia
74%
Americas Guatemala
74%
Europe North Macedonia
74%
Europe Moldova
73%
Europe Montenegro
73%
Americas El Salvador
72%
Americas Dominican Republic
71%
Oceania Fiji
71%
Americas Bahamas
69%
Americas Nicaragua
69%
Asia Philippines
67%
Americas Dominica
66%
Oceania Nauru
63%
Oceania Palau
63%
Oceania Samoa
62%
Oceania Micronesia
61%
Asia Mongolia
61%
Oceania Marshall Islands
60%
Africa Mauritius
60%
Africa Seychelles
60%
Oceania Vanuatu
60%
Asia Nepal
59%
Oceania Tuvalu
59%
Africa Cape Verde
57%
Africa Sao Tome and Principe
49%
Africa Gabon
47%
Africa Rwanda
45%
Asia Timor-Leste
44%
Africa Central African Republic
41%
Africa Guinea-Bissau
38%
Africa Sierra Leone
36%
No matching quizzes found
Score Distribution
Percent of People with Each Score
Percentile by Number Answered
Your Score History
You have not taken this quiz